000 00686nam a2200181Ia 4500
008 090123s9999 xx 000 0 und d
082 _b9911
100 _aदळवी जयवन्त व्दारकानाथ
245 _aकशासाठी पोटासाठी
250 _a2
260 _bमॅजेस्टिक प्रकाशन
_c1983
300 _a163
600 _aदळवी जयवन्त व्दारकानाथ
630 _aकशासाठी पोटासाठी
700 _aदळवी जयवन्त व्दारकानाथ
730 _aकशासाठी पोटासाठी
942 _cBOOK
999 _c47977
_d47977